Underrated Countries according to ChatGPT - Statistics

General Stats
  • This quiz has been taken 75 times
  • The average score is 9 of 20
Answer Stats
Answer % Correct
Estonia
62%
Latvia
60%
Lithuania
57%
Slovenia
54%
Serbia
53%
Albania
50%
Bosnia and Herzegovina
46%
Belarus
43%
Montenegro
43%
North Macedonia
43%
Armenia
41%
Azerbaijan
41%
Kazakhstan
41%
Kosovo
41%
Kyrgyzstan
40%
Georgia
38%
Turkmenistan
38%
Moldova
37%
Tajikistan
37%
Uzbekistan
37%
No matching quizzes found
Score Distribution
Percent of People with Each Score
Percentile by Number Answered
Your Score History
You have not taken this quiz